header

Cleansing honor with blood (Record no. 224023)

MARC details
000 -LEADER
fixed length control field 02444nam a2200409 a 4500
082 04 - DEWEY DECIMAL CLASSIFICATION NUMBER
Classification number 303.6/20811098131
100 1# - MAIN ENTRY--AUTHOR NAME
Personal name Santos, Martha S.
245 10 - TITLE STATEMENT
Title Cleansing honor with blood
260 ## - PUBLICATION, DISTRIBUTION, ETC. (IMPRINT)
Place of publication Stanford, Calif. :
Name of publisher Stanford University Press,
Year of publication c2012.
300 ## - PHYSICAL DESCRIPTION
Number of Pages xvii, 295 p.
505 0# - FORMATTED CONTENTS NOTE
Formatted contents note A brief moment of prosperity : land, opportunity, and autonomy, 1845-70 -- Unruly soldiers and honorable providers : paradoxes of masculinity and state formation in the backlands, 1840s-89 -- Poor but respectable : community, family, and the gendered negotiation of daily life, 1845-89 -- A changing world : deprivation, dislocation, and the disruption of honorable masculinity, 1865-89 -- Masculinity challenged and affirmed : autonomous women, men, and violent patriarchy, 1865-89 -- Of courage and manhood : masculine spaces, violence, and honor, 1865-89.
650 #0 - SUBJECT ADDED ENTRY--TOPICAL TERM
Topical Term Masculinity
Topical Term Men
Topical Term Machismo
Topical Term Violence
Topical Term Power (Social sciences)
Topical Term Honor
Topical Term Sex role
856 40 - ELECTRONIC LOCATION AND ACCESS
Uniform Resource Identifier http://site.ebrary.com/lib/rucke/Doc?id=10518327

No items available.

© 2026 Rongo University
Contact us: librarian | system librarian | Rongo university